| 000 | 00925nam a2200265 a 4500 | ||
|---|---|---|---|
| 001 | BRL_1494 | ||
| 005 | 20190320211232.0 | ||
| 008 | 280114s1959----mx-aob####---#000-0#spa-# | ||
| 041 | _aspa | ||
| 044 | _amx | ||
| 050 | 4 |
_aF1435 _b.T46 1959 |
|
| 100 | 1 |
_aThompson, John Eric Sidney _d1898-1975 _927093 |
|
| 245 | 1 | 0 |
_aGrandeza y decadencia de los mayas _cJ. Eric S. Thompson ; versión española de Lauro José Zavala. |
| 260 |
_aMéxico _bFondo de Cultura Económica _c1959 |
||
| 300 |
_a314 p. _bil., fotografías, mapas _c24 cm. |
||
| 440 | 0 |
_aSección de obras de antropología _927094 |
|
| 500 | _aAu1719 | ||
| 500 | _aIncluye índice analítico, láminas, figuras, viñetas. | ||
| 500 | _aTraducción de: The rise and fall of maya civilization. | ||
| 504 | _aBibliografía: p. 292-295 | ||
| 650 | 1 | 4 |
_aMayas _xAntigüedades _99555 |
| 700 | 1 |
_aZavala, Lauro José _etr. _927095 |
|
| 902 | _aGRL | ||
| 942 |
_2lcc _cB |
||
| 999 |
_c10304 _d10304 |
||